Biggest Cities of the Ottoman Empire in 1800 with a Map - Statistics

General Stats
  • This quiz has been taken 1,435 times
  • The average score is 25 of 52
Answers on the Map
Answers color-coded by a green-red scale on the quiz's map according to % correct below.
 
Answer Stats
Population Cities Eyalets % Correct
210k Cairo Egypt
97%
570k Constantinople Constantinople
97%
120k Tunis Tunis
95%
80k Baghdad Baghdad
91%
73k Algiers Algiers
90%
30k Angora Anatolia
89%
40k Saraybosna Bosnia
89%
46k Sofya Rumelia
89%
125k Smyrna Anatolia
88%
20k Tripoli Tripolitania
88%
90k Damascus Damascus
87%
50k Bucharest Wallachia
86%
26k Belgrade Rumelia
82%
62k Salonica Rumelia
82%
31k Mecca Habesh
79%
70k Aleppo Aleppo
78%
100k Adrianople Rumelia
70%
25k Jeddah Habesh
67%
70k Bursa Anatolia
66%
60k Basra Basra
64%
34k Mosul Mosul
64%
25k Trebizond Trebizond
57%
30k Filibe Rumelia
53%
30k Konya Karaman
50%
25k Homs Tripoli
47%
20k Constantine Algiers
42%
20k Jassy Moldavia
39%
80k Erzurum Erzurum
34%
38k Diyarbakır Diyarbakır
32%
20k Yanina Yanina
30%
30k Kars Kars
29%
25k Kayseri Karaman
29%
50k Hama Aleppo
27%
31k Sivas Sivas
25%
25k Damietta Egypt
24%
20k Şanlıurfa Rakka
24%
40k Scutari Scutari
24%
22k Akka Sidon
23%
25k Vidin Rumelia
22%
20k Pürzerrin Scutari
20%
27k Tarsus Adana
18%
35k Aydın Anatolia
17%
30k Izmail Silistra
17%
30k Kastamonu Anatolia
17%
30k Malatya Dulkadir
17%
25k İznik Anatolia
16%
30k Siroz Rumelia
16%
25k Asyut Egypt
15%
35k Afyonkarahisar Anatolia
12%
30k Tokat Sivas
12%
26k Bitlis Van
11%
25k Ayvalık Anatolia
7%
No matching quizzes found
Score Distribution
Percent of People with Each Score
Percentile by Number Answered
Your Score History
You have not taken this quiz